000 01104nam a2200301 a 4500
001 12674
003 BD-RjUL
005 20220802112636.0
008 140129r20201993ii a b 001 0 eng d
020 _a0070492344
020 _a0074623206 (Ordering ISBN)
035 _a(BD-RjUL)12724
040 _aDLC
_cDLC
_dDLC
_dBD-RjUL
_beng
041 _aeng
082 0 0 _a576
_219
_bPEM 2013
100 1 _aPelczar, Michael J.
_q(Michael Joseph),
_d1916-
_937558
245 1 0 _aMicrobiology /
_cMichael J. Pelczar, E. C. S. Chan, Noel R. Krieg ; with the assistance of Merna Foss Pelczar.
250 _a5th ed., Tata McGraw-Hill ed.
260 _aNew Delhi :
_bTata McGraw-Hill Publishing company
_c1993 [Reprint 1997-2008,2013]
300 _aix, 918 p., [8] p. of plates :
_bill. (some col.) ;
_c24 cm.
504 _aIncludes bibliographies and indexes.
650 0 _aMicrobiology.
_939458
700 1 _aChan, E. C. S.
_q(Eddie Chin Sun), jt. auth.
_94227
700 1 _aKrieg, Noel R. , jt auth.
_94228
700 1 _aPelczar, Merna Foss, jt. auth.
_94229
942 _2ddc
_cBK
999 _c12674
_d12674